Immunochemical techniques for the identification and estimation of macromolecules /

Bibliographic Details
Main Author: Clausen, Jørgen
Other Authors: Gordon A. H.
Format: Book
Language:English
Published: Amsterdam ; New York : Elsevier, 1988.
Edition:Third, revised edition.
Series:Laboratory techniques in biochemistry and molecular biology ; v. 1, pt. 3.
Subjects:

MARC

Tag First Indicator Second Indicator Subfields
LEADER 00000cam a22000008a 4500
001 in00004456313
005 20210930143308.0
008 870813s1988 ne a b 00110 eng d
020 |a 0444809090 (%.S.) 
020 |a 0444809201 (U.S. : pbk.) 
035 |a (OCoLC)16578246 
035 |z (UtOrBLW)3541 
035 |a 5328 
040 |a NLM  |c NLM  |d FIL  |d TMV  |d UtOrBLW 
049 |a TMVM  |c 1 
060 4 |a QU 25  |b L123 v.1 pt.3 1988 
100 1 |a Clausen, Jørgen. 
245 1 0 |a Immunochemical techniques for the identification and estimation of macromolecules /  |c J. Clausen. 
250 |a Third, revised edition. 
264 1 |a Amsterdam ;  |a New York :  |b Elsevier,  |c 1988. 
264 2 |a New York, NY, USA :  |b Sole distributors for the USA and Canada, Elsevier Science Pub. Co. 
300 |a xvi, 464 pages :  |b illustrations ;  |c 21 cm. 
336 |a text  |2 rdacontent  |b txt 
337 |a unmediated  |2 rdamedia 
338 |a volume  |2 rdacarrier  |b nc 
490 1 |a Laboratory techniques in biochemistry and molecular biology ;  |v v. 1, pt. 3 
500 |a First edition published as 2nd section of a 3 section work cataloged under: Electrophoresis of proteins in polyacrylamide and starch gels by A.H. Gordon. 
504 |a Includes bibliographical references (pages 419-446) and index. 
650 2 |a Chromatography. 
650 2 |a Electrophoresis. 
650 2 |a Gels. 
650 2 |a Immunochemistry. 
650 2 |a Macromolecular Substances. 
655 2 |a Laboratory Manual. 
700 1 |a Gordon A. H.  |t Electrophoresis of proteins in polyacrylamide and starch gels. 
830 0 |a Laboratory techniques in biochemistry and molecular biology ;  |v v. 1, pt. 3. 
999 |a MARS 
999 f f |s 2295bc13-1aa5-3c85-8f79-e87cd70617b2  |i ab98521e-11b5-36f2-9539-493483d52478  |t 0 
952 f f |p ric  |a Texas A&M University  |b Rellis Campus  |c Joint Library Facility  |d Remote Storage  |t 0  |e QU 25 L123 v.1 pt.3 1988  |h National Library of Medicine classification  |i unmediated -- volume  |m 323890088766H 
998 f f |a QU 25 L123 v.1 pt.3 1988  |t 0  |l Remote Storage